Busiest Airports in Asia - Statistics

General Stats
  • This quiz has been taken 568 times
    68 since last reset
  • The average score is 29 of 54
Answer Stats
Flights
City Served
% Correct
1,134 Shanghai
97%
932 Tokyo
97%
670 Delhi
95%
1,063 Beijing
94%
575 Jakarta
94%
427 Mumbai
92%
683 Seoul
90%
496 Singapore
89%
603 Dubai
87%
602 Kuala Lumpur
86%
406 Osaka
86%
817 Bangkok
83%
276 Ha Noi
83%
414 Manila
83%
442 Hong Kong
81%
239 Istanbul
76%
233 Abu dhabi
75%
311 Doha
75%
356 Ho Chi Minh City
75%
747 Guangzhou
73%
365 Riyadh
73%
318 Taipei
68%
376 Bangalore
67%
476 Xi'an
65%
205 Chennai
63%
306 Wuhan
63%
368 Jeddah
60%
281 Xiamen
59%
846 Chengdu
57%
263 Hyderabad
54%
477 Chongqing
52%
328 Nanjing
52%
570 Shenzhen
52%
190 Sapporo
51%
208 Tianjin
44%
210 Denpasar
41%
226 Harbin
40%
259 Fukuoka
29%
446 Hangzhou
27%
261 Urumqi
25%
228 Shenyang
24%
266 Qingdao
22%
193 Dalian
21%
206 Antalya
19%
495 Kunming
19%
291 Changsha
16%
192 Naha
16%
281 Zhengzhou
16%
200 Jinan
14%
242 Jeju
13%
258 Haikou
8%
233 Guiyang
6%
197 Sanya
3%
263 Zhuhai
0%
No matching quizzes found
Score Distribution
Percent of People with Each Score
Percentile by Number Answered
Your Score History
You have not taken this quiz since the last reset